[Event "Lloyds Bank Masters 2nd"]
[Site "London, Cumberland Hotel"]
[Date "1978.08.27"]
[Round "5.45"]
[White "Brown, Simon D"]
[Black "Harding, Timothy David"]
[Result "1-0"]
[WhiteElo "2105"]
[BlackElo "2230"]
[Annotator "Harding,Tim"]
[PlyCount "125"]
[EventDate "1978.08.24"]
[EventType "swiss"]
[EventRounds "10"]
[EventCountry "ENG"]
[SourceTitle "Tim Harding"]
[Source "Tim Harding"]
[SourceDate "2023.12.23"]
[SourceVersion "1"]
[SourceVersionDate "2023.12.23"]
[SourceQuality "1"]

1. d4 e6 2. e4 d5 3. Nc3 Nf6 4. e5 Ng8 5. Nf3 b6 6. Bf4 Ba6 7. Bxa6 Nxa6 8. Qe2
Nb8 9. O-O Qd7 10. Nd1 Ne7 11. Ne3 Nbc6 12. Rfd1 h6 13. Rac1 Na5 14. b3 Ng6 15.
Bg3 Ba3 16. Rb1 Be7 17. b4 Nc6 18. b5 Na5 19. c4 Nxc4 20. Nxc4 dxc4 21. Qxc4
O-O 22. d5 Rfd8 23. d6 cxd6 24. exd6 Rac8 25. Qe2 Bf6 26. Nd4 Bxd4 27. Rxd4 Rc5
28. h4 e5 29. Rd2 Qe6 30. Rbd1 Nf8 31. f3 Nd7 32. Bf2 Rc4 33. Rd5 Rdc8 34. R1d2
Rc1+ 35. Kh2 Qf6 36. g4 R8c3 37. R5d3 Qg6 38. h5 Qg5 39. Rxc3 Rxc3 40. Rc2 Qf4+
41. Kg2 Rxc2 42. Qxc2 e4 43. Qxe4 Qxd6 44. Qa8+ Qb8 45. Qxb8+ Nxb8 46. Bg3 Nd7
47. Kf2 Kf8 48. Bd6+ Ke8 49. Ke3 Nf6 50. Kd4 Kd7 51. Bf8 Ne8 52. Ke5 Kd8 53. f4
Kd7 54. Kf5 Nd6+ 55. Bxd6 Kxd6 56. g5 Ke7 57. gxh6 gxh6 58. Ke5 Ke8 59. Kf6 Kf8
60. f5 Ke8 61. Kg7 Ke7 62. f6+ Ke6 63. a3 {Source: Tim Harding personal
database.} 1-0

[Event "Lloyds Bank Masters 2nd"]
[Site "London, Cumberland Hotel"]
[Date "1978.08.27"]
[Round "5.49"]
[White "Bernfield, Abram"]
[Black "Henshaw, John C"]
[Result "0-1"]
[WhiteElo "1790"]
[BlackElo "2215"]
[PlyCount "72"]
[EventDate "1978.08.24"]
[EventType "swiss"]
[EventRounds "10"]
[EventCountry "ENG"]
[SourceTitle "BritBase"]
[Source "John Saunders"]
[SourceDate "2023.12.16"]
[SourceVersion "1"]
[SourceVersionDate "2023.12.16"]
[SourceQuality "1"]

1. Nf3 g6 2. g3 Bg7 3. Bg2 Nf6 4. c4 O-O 5. Nc3 d6 6. O-O Nbd7 7. d3 e5 8. h3
Re8 9. Qc2 a5 10. b3 c6 11. Bb2 Nc5 12. Kh2 Bf5 13. Nh4 Be6 14. Rad1 Rc8 15.
Qd2 d5 16. cxd5 cxd5 17. Nb1 d4 18. Na3 Nd5 19. Bxd5 Bxd5 20. Nc4 b6 21. f3 Nb7
22. e4 dxe3 23. Qxe3 b5 24. Na3 Nd6 25. Rc1 Rxc1 26. Rxc1 Bf6 27. Qf2 Bxh4 28.
gxh4 Nf5 29. h5 Nh4 30. Qe3 Nxf3+ 31. Kg2 Qh4 32. Kf1 Qxh3+ 33. Ke2 Qxh5 34.
Kd1 Nd4+ 35. Kd2 Qh2+ 36. Ke1 Qxb2 {Source: J C Henshaw via Brian Denman,
contributed 21 July 2021} 0-1

[Event "Lloyds Bank Masters 2nd"]
[Site "London, Cumberland Hotel"]
[Date "1978.08.27"]
[Round "5.53"]
[White "Short, Nigel D"]
[Black "Yeo, Michael J"]
[Result "1/2-1/2"]
[WhiteElo "2225"]
[BlackElo "2205"]
[PlyCount "96"]
[EventDate "1978.08.24"]
[EventType "swiss"]
[EventRounds "10"]
[EventCountry "ENG"]
[SourceTitle "BritBase"]
[Source "John Saunders"]
[SourceDate "2023.12.16"]
[SourceVersion "1"]
[SourceVersionDate "2023.12.16"]
[SourceQuality "1"]

1. a3 e5 2. g3 d5 3. Bg2 Nf6 4. d3 Nc6 5. b4 Bd6 6. Bb2 O-O 7. Nd2 Re8 8. c4
dxc4 9. Nxc4 Be6 10. Nxd6 Qxd6 11. Nf3 a5 12. b5 Nd4 13. Nxd4 exd4 14. O-O Bd5
15. a4 Rad8 16. Rc1 Re6 17. Bh3 Re5 18. e4 Rh5 19. Bg4 Bb3 20. Bxh5 Bxd1 21.
Bxd1 Qb4 22. Ba1 Qd2 23. Rxc7 Qxd3 24. e5 Nd5 25. Rxb7 Qe4 26. Ra7 Qxe5 27. Bb3
Qe4 28. b6 Nxb6 29. Rxf7 Nd5 30. Ra7 Kf8 31. Bb2 Rb8 32. Ba3+ Kg8 33. Ba2 Kh8
34. Bb1 Qf3 35. Bd6 Nc3 36. Bd3 Rd8 37. Bc7 Rf8 38. Bc4 d3 39. h4 d2 40. Be5
Qxf2+ 41. Rxf2 d1=Q+ 42. Rf1 Rxf1+ 43. Bxf1 Qf3 44. Rd7 Qe3+ 45. Kh2 Kg8 46.
Rxg7+ Kf8 47. Bxc3 Qxc3 48. Rg4 Qd2+ {Source: Michael Yeo. Contributed, 14
July 2021} 1/2-1/2

[Event "Lloyds Bank Masters 2nd"]
[Site "London, Cumberland Hotel"]
[Date "1978.08.27"]
[Round "6.1"]
[White "Shamkovich, Leonid A"]
[Black "Peters, Jack"]
[Result "0-1"]
[WhiteElo "2485"]
[BlackElo "2430"]
[PlyCount "124"]
[EventDate "1978.08.24"]
[EventType "swiss"]
[EventRounds "10"]
[EventCountry "ENG"]
[SourceTitle "BritBase"]
[Source "John Saunders"]
[SourceDate "2023.12.16"]
[SourceVersion "1"]
[SourceVersionDate "2023.12.16"]
[SourceQuality "1"]

1. e4 e5 2. Nf3 Nc6 3. Bb5 a6 4. Ba4 Nf6 5. O-O Nxe4 6. d4 b5 7. Bb3 d5 8. dxe5
Be6 9. c3 Bc5 10. Qd3 O-O 11. Nbd2 f5 12. exf6 Nxf6 13. Ng5 Ne5 14. Qe2 Qd6 15.
Nxe6 Qxe6 16. Ne4 Nxe4 17. Qxe4 Rxf2 18. Rxf2 Bxf2+ 19. Kxf2 Ng4+ 20. Qxg4 Qxg4
21. Bxd5+ Kh8 22. Bxa8 Qh4+ 23. g3 Qf6+ 24. Bf3 g5 25. Be3 Qf5 26. g4 Qc2+ 27.
Kg3 Qxb2 28. Bd4+ Kg8 29. Bd5+ Kf8 30. Re1 Qd2 31. Rf1+ Ke7 32. Bb3 a5 33. a3
h6 34. h3 Qb2 35. Bd5 Qxa3 36. Rf5 c5 37. Be5 Qc1 38. Bf3 a4 39. Bf6+ Kd7 40.
Bg7 a3 41. Rf7+ Ke6 42. Rf6+ Ke7 43. Ra6 Qf4+ 44. Kf2 Qd2+ 45. Be2 a2 46. c4
bxc4 47. Ra3 c3 48. Bxc3 Qxc3 49. Rxc3 a1=Q 50. Re3+ Kd6 51. Re4 Qc3 52. Bf1
Qd2+ 53. Kf3 Qh2 54. Ra4 Kd5 55. Bc4+ Ke5 56. Bf1 Qc2 57. Ra6 c4 58. Bxc4 Qxc4
59. Ra5+ Kd4 60. Rf5 Qf1+ 61. Kg3 Qg1+ 62. Kf3 Qh2 0-1

[Event "Lloyds Bank Masters 2nd"]
[Site "London, Cumberland Hotel"]
[Date "1978.08.27"]
[Round "6.2"]
[White "MacPherson, Hugh Dugald"]
[Black "Van der Sterren, Paul"]
[Result "0-1"]
[WhiteElo "2315"]
[BlackElo "2400"]
[PlyCount "58"]
[EventDate "1978.08.24"]
[EventType "swiss"]
[EventRounds "10"]
[EventCountry "ENG"]
[SourceTitle "BritBase"]
[Source "John Saunders"]
[SourceDate "2023.12.16"]
[SourceVersion "1"]
[SourceVersionDate "2023.12.16"]
[SourceQuality "1"]

1. g3 g6 2. Bg2 Bg7 3. c4 c5 4. Nc3 Nc6 5. b3 e5 6. Bb2 Nge7 7. e3 O-O 8. Nge2
a6 9. d3 Rb8 10. O-O b5 11. Qd2 d6 12. Rfd1 Kh8 13. Rac1 Bg4 14. h3 Be6 15. Nd5
Qd7 16. Kh2 Bxd5 17. cxd5 Nb4 18. d4 Nxa2 19. Ra1 Nb4 20. Bc3 exd4 21. exd4
Nbxd5 22. Rxa6 Nxc3 23. Qxc3 Nf5 24. Bc6 Qc8 25. Qa5 Nxd4 26. Nxd4 Bxd4 27.
Bxb5 Qb7 28. Be2 Ra8 29. b4 Qe4 0-1

[Event "Lloyds Bank Masters 2nd"]
[Site "London, Cumberland Hotel"]
[Date "1978.08.27"]
[Round "6.3"]
[White "Kraidman, Yair"]
[Black "Branford, John W"]
[Result "1-0"]
[WhiteElo "2455"]
[BlackElo "2105"]
[PlyCount "75"]
[EventDate "1978.08.24"]
[EventType "swiss"]
[EventRounds "10"]
[EventCountry "ENG"]
[SourceTitle "BritBase"]
[Source "John Saunders"]
[SourceDate "2023.12.16"]
[SourceVersion "1"]
[SourceVersionDate "2023.12.16"]
[SourceQuality "1"]

1. d4 Nf6 2. c4 g6 3. Nc3 d5 4. Nf3 Bg7 5. Bf4 dxc4 6. e4 c5 7. dxc5 Qa5 8.
Bxc4 O-O 9. O-O Qxc5 10. Qe2 Bg4 11. Nd5 Bxf3 12. gxf3 Nxd5 13. Bxd5 Nc6 14.
Rac1 Nd4 15. Qe3 Qb6 16. b3 Rac8 17. Rfd1 e6 18. Bc4 e5 19. Bg3 Kh8 20. Kg2 f5
21. exf5 Rce8 22. fxg6 Qxg6 23. Qe4 Rf5 24. Bd3 Qf7 25. Bb1 Rf8 26. Rxd4 exd4
27. Qxf5 Qxf5 28. Bxf5 Rxf5 29. Rc8+ Rf8 30. Rxf8+ Bxf8 31. Be5+ Kg8 32. Bxd4
a6 33. f4 Kf7 34. f5 Be7 35. Kf3 h5 36. Ke4 h4 37. h3 Bd8 38. Kf4 1-0

[Event "Lloyds Bank Masters 2nd"]
[Site "London, Cumberland Hotel"]
[Date "1978.08.27"]
[Round "6.4"]
[White "Evans, Larry D"]
[Black "Rantanen, Yrjo A"]
[Result "1/2-1/2"]
[WhiteElo "2405"]
[BlackElo "2420"]
[PlyCount "136"]
[EventDate "1978.08.24"]
[EventType "swiss"]
[EventRounds "10"]
[EventCountry "ENG"]
[SourceTitle "BritBase"]
[Source "John Saunders"]
[SourceDate "2023.12.16"]
[SourceVersion "1"]
[SourceVersionDate "2023.12.16"]
[SourceQuality "1"]

1. e4 e5 2. Nf3 Nc6 3. Bb5 a6 4. Bxc6 dxc6 5. O-O Bd6 6. c3 c5 7. d4 cxd4 8.
cxd4 exd4 9. Qxd4 f6 10. Qc4 Qe7 11. Nc3 Qf7 12. Nd5 c6 13. Qa4 b5 14. Qc2 Bb7
15. Nf4 Ne7 16. Nd3 O-O 17. Nc5 Ng6 18. Be3 Rfe8 19. Rfd1 Rad8 20. Rd2 Bc8 21.
Rad1 Bc7 22. Rxd8 Bxd8 23. Nd4 Ne5 24. b3 Bc7 25. h3 Qg6 26. f4 Nf7 27. Kh1 Qh5
28. f5 Nd6 29. Re1 Ba5 30. Bd2 Bb6 31. Nxc6 Qh4 32. Nd3 Nxe4 33. Ne7+ Rxe7 34.
Qxc8+ Kf7 35. Be3 Ng3+ 36. Kh2 Bc7 37. Bf4 Rxe1 38. Qxc7+ Re7 39. Bxg3 Rxc7 40.
Bxh4 Rc2 41. Nb4 Rb2 42. Nxa6 Rxa2 43. Nc7 b4 44. Nd5 Rd2 45. Nxb4 Rb2 46. Nd3
Rxb3 47. Nf4 Rb5 48. g4 Rb3 49. Kg2 Ra3 50. Bf2 Rb3 51. Bd4 Ra3 52. Kf2 Rb3 53.
Be3 Ra3 54. Kf3 Ra4 55. h4 h6 56. Bf2 Ra5 57. Nh5 Ra4 58. Ng3 Rb4 59. Ne4 Ra4
60. Ng3 Rb4 61. Ne2 Ra4 62. Nd4 Ra2 63. Ne6 Ra3+ 64. Kf4 Ra4+ 65. Bd4 Rb4 66.
g5 hxg5+ 67. hxg5 Rxd4+ 68. Nxd4 g6 1/2-1/2

[Event "Lloyds Bank Masters 2nd"]
[Site "London, Cumberland Hotel"]
[Date "1978.08.27"]
[Round "6.5"]
[White "Tatai, Stefano"]
[Black "Povah, Nigel Edward"]
[Result "1/2-1/2"]
[WhiteElo "2455"]
[BlackElo "2350"]
[PlyCount "59"]
[EventDate "1978.08.24"]
[EventType "swiss"]
[EventRounds "10"]
[EventCountry "ENG"]
[SourceTitle "BritBase"]
[Source "John Saunders"]
[SourceDate "2023.12.16"]
[SourceVersion "1"]
[SourceVersionDate "2023.12.16"]
[SourceQuality "1"]

1. d4 Nf6 2. c4 c5 3. d5 e6 4. Nc3 exd5 5. cxd5 d6 6. Nf3 g6 7. Nd2 Bg7 8. e4
O-O 9. Be2 Re8 10. O-O Nbd7 11. a4 g5 12. Qc2 Ne5 13. Ra3 g4 14. b3 Nh5 15. Nc4
Qf6 16. Nb5 Nxc4 17. bxc4 Re7 18. h3 a6 19. Bxg4 axb5 20. Bxh5 Rxa4 21. Rxa4
bxa4 22. Qxa4 Rxe4 23. Qa8 Qd8 24. Bg4 Re8 25. Bf4 Bxg4 26. Qxd8 Rxd8 27. hxg4
Bf8 28. Rb1 Ra8 29. Rxb7 Ra4 30. Rd7 1/2-1/2

[Event "Lloyds Bank Masters 2nd"]
[Site "London, Cumberland Hotel"]
[Date "1978.08.27"]
[Round "6.6"]
[White "Littlewood, Paul E"]
[Black "Kindermann, Stefan"]
[Result "1-0"]
[WhiteElo "2345"]
[BlackElo "2240"]
[PlyCount "43"]
[EventDate "1978.08.24"]
[EventType "swiss"]
[EventRounds "10"]
[EventCountry "ENG"]
[SourceTitle "BritBase"]
[Source "John Saunders"]
[SourceDate "2023.12.16"]
[SourceVersion "1"]
[SourceVersionDate "2023.12.16"]
[SourceQuality "1"]

1. e4 e5 2. Nf3 f5 3. Nxe5 Qf6 4. d4 d6 5. Nc4 fxe4 6. Be2 Qf7 7. Nc3 Nf6 8.
Bg5 Nbd7 9. Nb5 Kd8 10. Qd2 Be7 11. O-O-O b6 12. Ne5 dxe5 13. dxe5 Ng8 14. Bg4
Bxg5 15. Qxg5+ Qe7 16. Qf4 h5 17. Bxd7 Bxd7 18. Qxe4 Rb8 19. Qc6 Ke8 20. Nxc7+
Kd8 21. e6 Nf6 22. exd7 1-0

[Event "Lloyds Bank Masters 2nd"]
[Site "London, Cumberland Hotel"]
[Date "1978.08.27"]
[Round "6.7"]
[White "Grossmann, W"]
[Black "Rayner, Emmanuel"]
[Result "0-1"]
[WhiteElo "2120"]
[BlackElo "2345"]
[PlyCount "96"]
[EventDate "1978.08.24"]
[EventType "swiss"]
[EventRounds "10"]
[EventCountry "ENG"]
[SourceTitle "BritBase"]
[Source "John Saunders"]
[SourceDate "2023.12.16"]
[SourceVersion "1"]
[SourceVersionDate "2023.12.16"]
[SourceQuality "1"]

1. e4 c5 2. Nf3 e6 3. d4 cxd4 4. Nxd4 Nf6 5. Nc3 a6 6. Bg5 d6 7. f4 Be7 8. Qf3
Qc7 9. O-O-O Nbd7 10. Bd3 h6 11. Bh4 g5 12. fxg5 Ne5 13. Qe2 Nfg4 14. Nf3 hxg5
15. Nxe5 Nxe5 16. Bg3 Bd7 17. Qf2 Rh7 18. h4 O-O-O 19. h5 g4 20. Be2 Rg8 21.
Qa7 Bc6 22. Kb1 Rg5 23. Qa8+ Qb8 24. Qxb8+ Kxb8 25. Bh4 Rhxh5 26. Bxg5 Rxg5 27.
Rh8+ Kc7 28. Rdh1 Bf6 29. R1h5 Rg7 30. R8h7 Rg8 31. a4 Bg5 32. Bd3 Rg6 33. b3
Bf4 34. Ne2 Rf6 35. Nxf4 Rxf4 36. Rh1 Rf2 37. Rg1 Kb6 38. Kc1 Kc5 39. Kd1 Kd4
40. Ke1 Ke3 41. Rhh1 Nxd3+ 42. cxd3 Ra2 43. Kd1 Kxd3 44. Kc1 Bxe4 45. Kb1 Rxg2
46. Rxg2 Bxg2 47. Rd1+ Ke2 48. Rxd6 Bd5 0-1

[Event "Lloyds Bank Masters 2nd"]
[Site "London, Cumberland Hotel"]
[Date "1978.08.27"]
[Round "6.8"]
[White "Westerinen, Heikki MJ"]
[Black "Lind, Jan Olov"]
[Result "1-0"]
[WhiteElo "2450"]
[BlackElo "2205"]
[PlyCount "71"]
[EventDate "1978.08.24"]
[EventType "swiss"]
[EventRounds "10"]
[EventCountry "ENG"]
[SourceTitle "BritBase"]
[Source "John Saunders"]
[SourceDate "2023.12.16"]
[SourceVersion "1"]
[SourceVersionDate "2023.12.16"]
[SourceQuality "1"]

1. e4 c5 2. Nf3 d6 3. d4 cxd4 4. Nxd4 Nf6 5. Nc3 g6 6. Be2 Bg7 7. O-O O-O 8.
Kh1 d5 9. e5 Ne4 10. f4 f6 11. exf6 Rxf6 12. Nxe4 dxe4 13. Nb5 Qb6 14. Qd5+ Kh8
15. Qxe4 Bf5 16. Qf3 Nc6 17. Be3 Qa5 18. c3 Re8 19. Rfd1 a6 20. a4 axb5 21.
axb5 Qc7 22. bxc6 Rxc6 23. Bb5 Bd7 24. Bxc6 Bxc6 25. Qg3 e6 26. Bd4 Bd5 27.
Bxg7+ Qxg7 28. Qe3 Qf7 29. c4 Bc6 30. Qe5+ Kg8 31. Rd6 Qe7 32. b4 Be4 33. Rad1
Ra8 34. Rd7 Bxg2+ 35. Kxg2 Ra2+ 36. Kg1 1-0

[Event "Lloyds Bank Masters 2nd"]
[Site "London, Cumberland Hotel"]
[Date "1978.08.27"]
[Round "6.10"]
[White "Forintos, Gyozo Victor"]
[Black "Iskov, Gert"]
[Result "1/2-1/2"]
[WhiteElo "2435"]
[BlackElo "2395"]
[PlyCount "91"]
[EventDate "1978.08.24"]
[EventType "swiss"]
[EventRounds "10"]
[EventCountry "ENG"]
[SourceTitle "BritBase"]
[Source "John Saunders"]
[SourceDate "2023.12.16"]
[SourceVersion "1"]
[SourceVersionDate "2023.12.16"]
[SourceQuality "1"]

1. d4 Nf6 2. c4 e6 3. Nc3 Bb4 4. Qc2 c5 5. dxc5 O-O 6. a3 Bxc5 7. Bf4 b6 8. e3
Bb7 9. Nf3 Nc6 10. Be2 Be7 11. O-O Nh5 12. Bg3 Nxg3 13. hxg3 Qc7 14. Rfd1 Rfd8
15. Nb5 Qb8 16. Rd2 a6 17. Nc3 Ne5 18. Rad1 Bxf3 19. gxf3 Qc7 20. Qa4 Qb7 21.
f4 Nc6 22. Bf3 Rab8 23. b4 Qc8 24. Qb3 a5 25. Na2 axb4 26. axb4 Ra8 27. Rb1 Ra7
28. Qd1 Ra3 29. Rb3 Rxb3 30. Qxb3 Qa8 31. Qd1 Qc8 32. Qa4 Qc7 33. Rd1 Rc8 34.
Kg2 Nb8 35. Rc1 h6 36. Nc3 Nc6 37. Nb5 Qd8 38. Rb1 Ra8 39. Qd1 Bxb4 40. Bxc6
dxc6 41. Qxd8+ Rxd8 42. Rxb4 cxb5 43. Rxb5 Rc8 44. Rb4 Kf8 45. Kf3 Ke7 46. Ke4
1/2-1/2

[Event "Lloyds Bank Masters 2nd"]
[Site "London, Cumberland Hotel"]
[Date "1978.08.28"]
[Round "6.11"]
[White "Flear, Glenn C"]
[Black "Borm, Frans"]
[Result "1/2-1/2"]
[WhiteElo "2185"]
[BlackElo "2320"]
[PlyCount "35"]
[EventDate "1978.08.24"]
[EventType "swiss"]
[EventRounds "10"]
[EventCountry "ENG"]

1. d4 Nf6 2. c4 e6 3. Nc3 Bb4 4. e3 b6 5. Bd3 Bb7 6. Nf3 d5 7. O-O O-O 8. a3 Bxc3 9. bxc3 Nbd7 10. cxd5 exd5 11. Bb2 c5 12. c4 Rc8 13. Rc1 cxd4 14. Bxd4 Qe7 15. cxd5 Bxd5 16. Be2 Ba8 17. Rxc8 Rxc8 18. Qa1 {Source: Knightmare (Streatham & Brixton Club Magazine) No.3. Contributed by Andy Ansel, 26 August 2024.} 1/2-1/2

[Event "Lloyds Bank Masters 2nd"]
[Site "London, Cumberland Hotel"]
[Date "1978.08.28"]
[Round "6.12"]
[White "Muir, Andrew Joseph"]
[Black "Kopec, Danny"]
[Result "0-1"]
[WhiteElo "2110"]
[BlackElo "2310"]
[PlyCount "76"]
[EventDate "1978.08.24"]
[EventType "swiss"]
[EventRounds "10"]
[EventCountry "ENG"]
[SourceTitle "BritBase"]
[Source "John Saunders"]
[SourceDate "2024.03.28"]
[SourceVersion "1"]
[SourceVersionDate "2024.03.28"]
[SourceQuality "1"]

1. e4 e6 2. d4 c5 3. d5 exd5 4. exd5 d6 5. Nf3 Nf6 6. Nc3 Be7 7. Be2 O-O 8. O-O
Na6 9. Bf4 Nc7 10. a4 b6 11. Re1 a6 (11... Bf5) 12. Rb1 Bb7 13. Bc4 b5 14. axb5
axb5 15. Nxb5 Nxb5 16. Bxb5 Bxd5 17. Qd3 Ra7 $1 18. c4 Ba8 19. Rbd1 d5 20. cxd5
Nxd5 21. Be5 Qc8 22. Qe2 Nb4 23. Rd2 Qf5 24. h3 h6 25. Bc3 Bg5 (25... Bf6) 26.
Nxg5 Qxg5 27. g3 $4 Nd5 28. Qe5 Re7 29. Rxd5 Rxe5 30. Rdxe5 Qg6 31. Rxc5 Rd8
32. Rce5 Kh7 33. Kh2 Qb6 34. R1e3 f6 (34... Rd1) 35. Re7 Qxb5 36. Bxf6 Rg8 37.
f3 Qf1 38. Bxg7 Qf2+ {White lost on time. Source: Andy Ansel, 30 June 2024} 0-1

[Event "Lloyds Bank Masters 2nd"]
[Site "London, Cumberland Hotel"]
[Date "1978.08.27"]
[Round "6.14"]
[White "Goichberg, William"]
[Black "Bouaziz, Slim"]
[Result "0-1"]
[WhiteElo "2525"]
[BlackElo "2365"]
[PlyCount "92"]
[EventDate "1978.08.24"]
[EventType "swiss"]
[EventRounds "10"]
[EventCountry "ENG"]
[SourceTitle "BritBase"]
[Source "John Saunders"]
[SourceDate "2023.12.16"]
[SourceVersion "1"]
[SourceVersionDate "2023.12.16"]
[SourceQuality "1"]

1. e4 c5 2. Nf3 Nc6 3. d4 cxd4 4. Nxd4 Nf6 5. Nc3 e5 6. Ndb5 d6 7. Bg5 a6 8.
Bxf6 gxf6 9. Na3 b5 10. Nd5 f5 11. Qd3 fxe4 12. Qxe4 Bd7 13. g4 Rc8 14. h4 Bg7
15. O-O-O Be6 16. Bg2 Nd4 17. Kb1 Rc5 18. Nb4 a5 19. Rxd4 exd4 20. Nd3 O-O 21.
Nxc5 dxc5 22. Nxb5 Qd7 23. a4 Bxg4 24. Rg1 Kh8 25. Bf1 Be6 26. Qf4 Qd5 27. b3
Qe5 28. Qxe5 Bxe5 29. Bd3 Rg8 30. Rxg8+ Kxg8 31. Na3 h6 32. Nc4 Bc7 33. Kc1 Kg7
34. Kd2 f5 35. Ke2 Kg6 36. Nd2 Kh5 37. Nf3 Kg4 38. Bb5 Bd5 39. Nd2 Kxh4 40. Bd7
Kg4 41. f3+ Kg5 42. Kf2 h5 43. Nc4 h4 44. Nb2 h3 45. Nd3 h2 46. Kg2 Bxf3+ 0-1

[Event "Lloyds Bank Masters 2nd"]
[Site "London, Cumberland Hotel"]
[Date "1978.08.27"]
[Round "6.15"]
[White "Flesch, Janos"]
[Black "Watson, John L"]
[Result "0-1"]
[WhiteElo "2435"]
[BlackElo "2320"]
[PlyCount "84"]
[EventDate "1978.08.24"]
[EventType "swiss"]
[EventRounds "10"]
[EventCountry "ENG"]
[SourceTitle "BritBase"]
[Source "John Saunders"]
[SourceDate "2023.12.16"]
[SourceVersion "1"]
[SourceVersionDate "2023.12.16"]
[SourceQuality "1"]

1. Nf3 Nf6 2. g3 g6 3. c4 Bg7 4. Bg2 O-O 5. O-O d6 6. d4 Nbd7 7. Nc3 e5 8. e4
c6 9. Rb1 a5 10. Qc2 Qc7 11. dxe5 dxe5 12. Na4 b6 13. Be3 Ng4 14. Bd2 f5 15.
exf5 gxf5 16. h3 Ngf6 17. Qb3 Kh8 18. Ng5 Qd6 19. Rbd1 Qe7 20. Nxb6 Nxb6 21.
Qxb6 e4 22. h4 Ra6 23. Qb3 Nd7 24. Bf4 c5 25. Be3 Rff6 26. Rd5 h6 27. Nh3 Rab6
28. Qd1 Rxb2 29. Nf4 Rc6 30. Bh3 Nf8 31. Qa4 Qb7 32. Bxf5 Bxf5 33. Rxf5 Nd7 34.
Qxa5 Qc8 35. Nd5 Ra6 36. Qe1 Ne5 37. Rxe5 Bxe5 38. Bc1 Rbxa2 39. Qxe4 Bd4 40.
Ne7 Qh3 41. Nf5 Rg6 42. Bf4 Bxf2+ 0-1

[Event "Lloyds Bank Masters 2nd"]
[Site "London, Cumberland Hotel"]
[Date "1978.08.27"]
[Round "6.17"]
[White "Pagden, Michael Ashley"]
[Black "Basman, Michael John"]
[Result "0-1"]
[WhiteElo "2235"]
[BlackElo "2395"]
[PlyCount "86"]
[EventDate "1978.08.24"]
[EventType "swiss"]
[EventRounds "10"]
[EventCountry "ENG"]
[SourceTitle "BritBase"]
[Source "John Saunders"]
[SourceDate "2023.12.16"]
[SourceVersion "1"]
[SourceVersionDate "2023.12.16"]
[SourceQuality "1"]

1. e4 c6 2. c4 d5 3. exd5 cxd5 4. cxd5 Nf6 5. Nc3 Nxd5 6. Bc4 Nb6 7. Bb5+ N8d7
8. d4 g6 9. Nf3 Bg7 10. O-O O-O 11. Bg5 Nf6 12. Re1 Be6 13. Qe2 Rc8 14. Rac1 a6
15. Bd3 Re8 16. h3 Qd7 17. Red1 Bf5 18. Ne5 Qe6 19. Qf3 Bxd3 20. Nxd3 Nfd5 21.
Nc5 Qc6 22. Nxd5 Qxd5 23. Qxd5 Nxd5 24. Nxb7 Rb8 25. Nc5 Rxb2 26. Nxa6 h6 27.
Bh4 f5 28. Nc7 Nxc7 29. Rxc7 g5 30. Bg3 f4 31. Bh2 Ra8 32. Kf1 Raxa2 33. Bg1
Kf7 34. d5 Be5 35. Rc4 Bd6 36. Rc3 Be5 37. Rc4 h5 38. Re4 Bd6 39. Rc4 Kf6 40.
Rc3 g4 41. hxg4 hxg4 42. g3 f3 43. Rc4 Kf5 0-1

[Event "Lloyds Bank Masters 2nd"]
[Site "London, Cumberland Hotel"]
[Date "1978.08.27"]
[Round "6.22"]
[White "Lawton, Geoffrey W"]
[Black "Zullo, Federico"]
[Result "0-1"]
[WhiteElo "2185"]
[BlackElo "2200"]
[PlyCount "62"]
[EventDate "1978.08.24"]
[EventType "swiss"]
[EventRounds "10"]
[EventCountry "ENG"]
[SourceTitle "BritBase"]
[Source "John Saunders"]
[SourceDate "2023.12.16"]
[SourceVersion "1"]
[SourceVersionDate "2023.12.16"]
[SourceQuality "1"]

1. e4 e6 2. d3 d5 3. Nd2 Nf6 4. Ngf3 c5 5. g3 b6 6. Qe2 Be7 7. Bg2 Bb7 8. e5
Nfd7 9. O-O Nc6 10. Re1 Qc7 11. Nf1 h6 12. h4 g5 13. hxg5 hxg5 14. N1h2 O-O-O
15. Ng4 Kb8 16. c3 Rh5 17. d4 Rdh8 18. Be3 Qc8 19. Nfh2 Qg8 20. f3 Qh7 21. Kf2
cxd4 22. Bxd4 Nc5 23. Red1 Ba6 24. Qe3 Qf5 25. b4 Nxd4 26. Qxd4 Ne4+ 27. Ke1
Nxg3 28. Kf2 Ne2 29. Qe3 Rxh2 30. Nxh2 Rxh2 31. Rh1 g4 0-1

[Event "Lloyds Bank Masters 2nd"]
[Site "London, Cumberland Hotel"]
[Date "1978.08.27"]
[Round "6.24"]
[White "Haik, Aldo"]
[Black "Law, Andrew P"]
[Result "1-0"]
[WhiteElo "2425"]
[BlackElo "2345"]
[PlyCount "80"]
[EventDate "1978.08.24"]
[EventType "swiss"]
[EventRounds "10"]
[EventCountry "ENG"]
[SourceTitle "BritBase"]
[Source "John Saunders"]
[SourceDate "2023.12.16"]
[SourceVersion "1"]
[SourceVersionDate "2023.12.16"]
[SourceQuality "1"]

1. c4 Nf6 2. Nc3 e6 3. d4 Bb4 4. Qc2 d5 5. cxd5 exd5 6. Bg5 h6 7. Bxf6 Qxf6 8.
e3 O-O 9. a3 Bxc3+ 10. Qxc3 c6 11. Nf3 Bf5 12. Bd3 Nd7 13. O-O Rfe8 14. Rfc1
Be4 15. Nd2 Bxd3 16. Qxd3 Re6 17. b4 Rae8 18. Rab1 Qg5 19. b5 Rg6 20. g3 Nb6
21. bxc6 bxc6 22. Nf3 Qh5 23. Ne5 Rxe5 24. dxe5 Qxe5 25. Qa6 Nc4 26. Qxa7 Qf5
27. e4 Qxe4 28. Rb8+ Kh7 29. Qxf7 Rf6 30. Qg8+ Kg6 31. Rb7 Ne5 32. Qxg7+ Kf5
33. Qh7+ Rg6 34. Rb3 d4 35. Rc5 Qe1+ 36. Kg2 Qe4+ 37. f3 Qe2+ 38. Kh3 Kf6 39.
Qh8+ Kf7 40. Rb7+ Ke6 1-0

[Event "Lloyds Bank Masters 2nd"]
[Site "London, Cumberland Hotel"]
[Date "1978.08.27"]
[Round "6.27"]
[White "Hillyard, Graham D"]
[Black "Silman, Jeremy D"]
[Result "1/2-1/2"]
[WhiteElo "2250"]
[BlackElo "2360"]
[PlyCount "83"]
[EventDate "1978.08.24"]
[EventType "swiss"]
[EventRounds "10"]
[EventCountry "ENG"]
[SourceTitle "BritBase"]
[Source "John Saunders"]
[SourceDate "2024.03.28"]
[SourceVersion "1"]
[SourceVersionDate "2024.03.28"]
[SourceQuality "1"]

1. d4 Nf6 2. Nf3 e6 3. c4 b6 4. e3 Bb4+ 5. Nbd2 O-O 6. Bd3 d5 7. O-O Bb7 8. b3
Nbd7 9. Bb2 Ne4 10. Rc1 Rc8 11. Qe2 a5 12. Rc2 f5 13. Rfc1 g5 14. Nf1 Bd6 15.
cxd5 exd5 16. Ne5 Bxe5 17. dxe5 Ndc5 18. f3 Nxd3 19. Qxd3 Nc5 20. Rxc5 bxc5 21.
Rxc5 Qe7 22. Qd4 Kf7 23. Ng3 Kg6 24. Ba3 Qe6 25. Rxa5 Ra8 26. Bxf8 Rxa5 27. a4
Qb6 28. Qxb6+ cxb6 29. Bb4 Ra8 30. Ne2 Bc8 31. Nd4 Kf7 32. Kf2 Bd7 33. Ke2 h5
34. f4 g4 35. Be1 Rc8 36. Kd1 Rc5 37. Bb4 Rc8 38. Bd2 h4 39. Be1 Rh8 40. Kc2 h3
41. g3 Rc8+ 42. Kb2 {Source: Silman Collection (Andy Ansel, 24 December 2023)}
1/2-1/2